[Event "CHN-chT"]
[Site "China"]
[Date "2019.07.25"]
[Round "9.2"]
[White "Shen, Yang"]
[Black "Ding, Yixin"]
[Result "1/2-1/2"]
[WhiteElo "2454"]
[BlackElo "2434"]
[PlyCount "74"]
[EventDate "2019.04.09"]
[EventType "team-tourn"]
[EventRounds "22"]
[EventCountry "CHN"]
[SourceTitle "EXT 2020"]
[Source "ChessBase"]
[SourceDate "2019.10.17"]
[SourceVersion "1"]
[SourceVersionDate "2019.10.17"]
[SourceQuality "1"]
[WhiteTeam "Jiangsu"]
[BlackTeam "Zhejiang"]
[WhiteTeamCountry "CHN"]
[BlackTeamCountry "CHN"]

1. d4 Nf6 2. c4 e6 3. Nf3 Bb4+ 4. Bd2 Bxd2+ 5. Qxd2 0-0 6. Nc3 d5 7. e3 Qe7 8. cxd5 exd5 9. Bd3 Nbd7 10. 0-0 b6 11. Rac1 Bb7 12. Rfd1 c5 13. b3 Ne4 14. Qb2 Rac8 15. Ne2 Rfd8 16. dxc5 Ndxc5 17. Bb1 Ne6 18. Ned4 Nxd4 19. Nxd4 Qf6 20. a4 a5 21. f3 Nd6 22. Rxc8 Rxc8 23. Rc1 Rxc1+ 24. Qxc1 Qe7 25. Kf2 Qh4+ 26. Kg1 Qe7 27. Qc3 Ba6 28. g3 g6 29. Kf2 Nb7 30. h4 Nc5 31. Bc2 h5 32. Kg2 Qd7 33. Qe1 Bc8 34. Ne2 Ba6 35. Nd4 Bc8 36. Qf1 Ba6 37. Qe1 Bc8 1/2-1/2

[Event "CHN-ch (Women)"]
[Site "Hangzhou"]
[Date "2019.05.21"]
[Round "10"]
[White "Shen, Yang"]
[Black "Chu, Ruotong"]
[Result "1/2-1/2"]
[WhiteElo "2449"]
[BlackElo "2180"]
[PlyCount "101"]
[EventDate "2019.05.11"]
[EventType "tourn"]
[EventRounds "11"]
[EventCountry "CHN"]
[EventCategory "3"]
[SourceTitle "CBM 190 Extra"]
[Source "ChessBase"]
[SourceDate "2019.07.15"]
[SourceVersion "1"]
[SourceVersionDate "2019.07.15"]
[SourceQuality "1"]

1. d4 d5 2. Nf3 Nf6 3. c4 dxc4 4. e3 e6 5. Bxc4 a6 6. 0-0 c5 7. Bb3 Be7 8. Nc3 b5 9. e4 b4 10. Na4 Nxe4 11. Qc2 Bb7 12. dxc5 Qc7 13. Be3 Nf6 14. Qd2 Bxf3 15. gxf3 Nc6 16. Qe2 a5 17. Rfd1 0-0 18. f4 g6 19. Qf3 Rad8 20. h3 Nh5 21. Qe4 Nf6 22. Qf3 Nh5 23. Rac1 Bf6 24. Qe4 Bg7 25. Rd6 Ne7 26. Rxd8 Rxd8 27. c6 Nf6 28. Qe5 Rc8 29. Nb6 Nfd5 30. Qxc7 Rxc7 31. Nxd5 exd5 32. Bb6 Rxc6 33. Rxc6 Nxc6 34. Bxd5 Bd4 35. Bc7 Ne7 36. Be4 f5 37. Bf3 Bxb2 38. Bxa5 Ba3 39. Kf1 Kf7 40. Ke2 Ke6 41. Kd3 Nd5 42. Kc4 Nxf4 43. h4 Nh3 44. Bb6 g5 45. Bd5+ Ke5 46. Bc7+ Kf6 47. Bd8+ Kg6 48. Bxg5 Nxg5 49. hxg5 Kxg5 50. Kd3 Kf4 51. Ke2 1/2-1/2

[Event "CHN-ch (Women)"]
[Site "Hangzhou"]
[Date "2019.05.18"]
[Round "7"]
[White "Ren, Xiaoyi"]
[Black "Shen, Yang"]
[Result "0-1"]
[WhiteElo "2261"]
[BlackElo "2449"]
[PlyCount "130"]
[EventDate "2019.05.11"]
[EventType "tourn"]
[EventRounds "11"]
[EventCountry "CHN"]
[EventCategory "3"]
[SourceTitle "CBM 190 Extra"]
[Source "ChessBase"]
[SourceDate "2019.07.15"]
[SourceVersion "1"]
[SourceVersionDate "2019.07.15"]
[SourceQuality "1"]

1. d4 d5 2. c4 c6 3. e3 Nf6 4. Nf3 Bf5 5. Qb3 Qb6 6. Nc3 e6 7. c5 Qc7 8. h3 h6 9. Be2 Be7 10. 0-0 0-0 11. Bd2 Nbd7 12. Rfc1 Rfe8 13. Qd1 e5 14. b4 Bh7 15. b5 exd4 16. exd4 Ne4 17. Be3 Bf6 18. Nxe4 dxe4 19. Nh2 Rad8 20. Ng4 Bg5 21. Qb3 Bf5 22. Bc4 Be6 23. a4 Nf8 24. Rd1 Bxc4 25. Qxc4 Ne6 26. Bxg5 hxg5 27. Ne3 Nf4 28. Nf5 Rd5 29. Nd6 Re7 30. bxc6 Qxc6 31. Qb5 e3 32. Qxc6 bxc6 33. fxe3 Rxe3 34. Ra2 f6 35. a5 a6 36. Rb1 Re2 37. Rb8+ Kh7 38. Rxe2 Nxe2+ 39. Kf2 Nxd4 40. Ra8 Nb3 41. Rxa6 Rxc5 42. Nb7 Rc2+ 43. Kg3 c5 44. Rb6 c4 45. a6 Ra2 46. Rc6 Nd4 47. Rxc4 Nf5+ 48. Kf3 Rxa6 49. Ke4 Kg6 50. g4 Nh4 51. Nd8 Ng2 52. Nc6 Kh7 53. Nd4 Ra3 54. Nf5 Nh4 55. Ne3 Ra1 56. Rc3 Re1 57. Kd4 Rh1 58. Nd5 Rd1+ 59. Ke4 Re1+ 60. Kd4 Ng6 61. Rc7 Nf4 62. Nxf4 gxf4 63. Rc3 Kg6 64. Rf3 Kg5 65. Kd5 Re3 0-1

[Event "CHN-ch (Women)"]
[Site "Hangzhou"]
[Date "2019.05.14"]
[Round "4"]
[White "Huang, Qian"]
[Black "Shen, Yang"]
[Result "1/2-1/2"]
[WhiteElo "2440"]
[BlackElo "2449"]
[PlyCount "67"]
[EventDate "2019.05.11"]
[EventType "tourn"]
[EventRounds "11"]
[EventCountry "CHN"]
[EventCategory "3"]
[SourceTitle "CBM 190 Extra"]
[Source "ChessBase"]
[SourceDate "2019.07.15"]
[SourceVersion "1"]
[SourceVersionDate "2019.07.15"]
[SourceQuality "1"]

1. d4 d5 2. Nf3 Nf6 3. c4 dxc4 4. e3 e6 5. Bxc4 a6 6. Nc3 c5 7. 0-0 Nc6 8. dxc5 Qxd1 9. Rxd1 Bxc5 10. Bd2 Bd7 11. Rac1 0-0 12. Be2 Rfd8 13. Na4 Ba7 14. Nc5 Bxc5 15. Rxc5 Ne4 16. Rcc1 Nxd2 17. Rxd2 Be8 18. Rcd1 Rxd2 19. Rxd2 Rd8 20. Rxd8 Nxd8 21. Ne5 Nc6 22. Nxc6 Bxc6 23. f3 e5 24. e4 f6 25. Kf2 Kf7 26. Ke3 Ke6 27. Bc4+ Kd6 28. b4 b5 29. Bg8 h6 30. a3 Bd7 31. h4 Be6 32. Bxe6 Kxe6 33. g4 g5 34. h5 1/2-1/2